Bytový dom

Na minha lista:
Detalhes bibliográficos
Autor principal: Čulík, Dávid (Author)
Outros Autores: Bielek, Boris (Thesis advisor)
Formato: Manuscrito Livro
Idioma:eslovaco
Publicado em: 2022
Assuntos:
Acesso em linha:http://is.stuba.sk/zp/portal_zp.pl?podrobnosti=149266
https://opac.crzp.sk/?fn=detailBiblioForm&sid=22891320CECCAE8262C34B8E7C57
Tags: Adicionar Tag
Sem tags, seja o primeiro a adicionar uma tag!

MARC

LEADER 00000ntm a22000003a 4500
001 stuzp89371
003 SK-STU
005 20230502122828.5
007 ta
008 150427s2015----xo-----f-mn---000-0-slo-d
040 |a STU  |b slo 
041 0 |a slo 
100 1 |a Čulík, Dávid  |u 010180  |4 aut  |U SvF Stavebná fakulta  |T SvF Katedra konštrukcií pozemných stavieb  |X 97714  |U V180  |Y 18  |7 97714 
242 0 1 |a Residential house  |y eng 
245 1 0 |a Bytový dom 
260 |c 2022 
650 4 |a podlažie  |2 slo 
650 4 |a byty  |2 slo 
650 4 |a projekt na realizáciu stavby  |2 slo 
650 4 |a novostavba  |2 slo 
650 4 |a technická správa  |2 slo 
650 4 |a parkovanie  |2 slo 
650 4 |a tepelná technika  |2 slo 
650 4 |a bytový dom  |2 slo 
650 4 |a podzemná garáž  |2 slo 
650 4 |a storey  |2 eng 
650 4 |a thermal engineering  |2 eng 
650 4 |a apartment building  |2 eng 
650 4 |a underground garage  |2 eng 
650 4 |a apartments  |2 eng 
650 4 |a construction project  |2 eng 
650 4 |a new building  |2 eng 
650 4 |a technical report  |2 eng 
650 4 |a parking  |2 eng 
700 1 |a Bielek, Boris  |u 010180  |k Z1  |4 ths  |U SvF Stavebná fakulta  |T SvF Katedra konštrukcií pozemných stavieb  |X 4303  |U V180  |Y 18  |7 A000004303 
856 4 |u http://is.stuba.sk/zp/portal_zp.pl?podrobnosti=149266 
856 4 |u https://opac.crzp.sk/?fn=detailBiblioForm&sid=22891320CECCAE8262C34B8E7C57